00194nam a2200073 a 450000500170000000800410001705000190005824500430007720140414093832.0970110s19uu xx 00 eng d aVHS 600bOR 01 aHow to Really Start Your Own Business.